Flagi Krajów Dawnej Jugosławii - Statystyki

Ogólne statystyki
  • Ten quiz został rozwiązany 45 razy
  • Średni wynik to 7 z 7
Statystyki odpowiedzi
Obrazkowy Odpowiedź % Poprawnych
Chorwacja
100%
Słowenia
100%
Czarnogóra
98%
Kosowo
98%
Macedonia Północna
98%
Serbia
98%
Bośnia i Hercegowina
95%
Nie znaleziono quizów pasujących do podanych kryteriów
Rozkład punktacji
Procent ludzi z każdym wynikiem
Percentyl według liczby udzielonych odpowiedzi
Twoja historia wyników
Nie rozwiązałeś tego quizu